<?xml version="1.0" encoding="UTF-8"?>
<record
    xmlns:xsi="http://www.w3.org/2001/XMLSchema-instance"
    xsi:schemaLocation="http://www.loc.gov/MARC21/slim http://www.loc.gov/standards/marcxml/schema/MARC21slim.xsd"
    xmlns="http://www.loc.gov/MARC21/slim">

  <leader>01421nam a2200265Ia 4500</leader>
  <controlfield tag="003">OSt</controlfield>
  <controlfield tag="005">20250414113341.0</controlfield>
  <controlfield tag="008">191128s1965    ck a   er     000 f spa d</controlfield>
  <datafield tag="024" ind1=" " ind2=" ">
    <subfield code="a">45013-71</subfield>
  </datafield>
  <datafield tag="037" ind1=" " ind2=" ">
    <subfield code="3">Donaci&#xF3;n </subfield>
  </datafield>
  <datafield tag="040" ind1=" " ind2=" ">
    <subfield code="a">CO-JMCR</subfield>
    <subfield code="c">CO-JMCR</subfield>
    <subfield code="d">CO-JMCR</subfield>
    <subfield code="e">rda</subfield>
  </datafield>
  <datafield tag="041" ind1=" " ind2=" ">
    <subfield code="a">spa</subfield>
  </datafield>
  <datafield tag="082" ind1="1" ind2="4">
    <subfield code="a">A-N</subfield>
    <subfield code="b">DRUr</subfield>
  </datafield>
  <datafield tag="100" ind1="1" ind2=" ">
    <subfield code="a">Druon, Maurice, </subfield>
    <subfield code="e">autor</subfield>
    <subfield code="9">6779</subfield>
  </datafield>
  <datafield tag="245" ind1="1" ind2="0">
    <subfield code="a">La reina estrangulada / </subfield>
    <subfield code="c">Maurice Druon</subfield>
  </datafield>
  <datafield tag="260" ind1=" " ind2=" ">
    <subfield code="a">Bogota : </subfield>
    <subfield code="b">C&#xED;rculo de lectores,</subfield>
    <subfield code="c">1965</subfield>
  </datafield>
  <datafield tag="300" ind1=" " ind2=" ">
    <subfield code="a">230 p&#xE1;ginas ; </subfield>
    <subfield code="c">20 cm.</subfield>
  </datafield>
  <datafield tag="490" ind1="0" ind2=" ">
    <subfield code="a">Los reyes malditos</subfield>
  </datafield>
  <datafield tag="520" ind1=" " ind2=" ">
    <subfield code="a">Tras veintinueve a&#xF1;os de gobierno, el Rey de Hierro acaba de morir, siete meses m&#xE1;s tarde que el papa Clemente V y cuando han transcurrido seis de la muerte de Guillermo de Nogaret. Parec&#xED;a cumplirse la maldici&#xF3;n lanzada desde las llamas de la hoguera por el jefe de los templarios, que emplazaba a los tres a comparecer ante el tribunal de Dios antes de un a&#xF1;o. A Felipe el Hermoso le suced&#xED;a en el trono de Francia Luis X, pr&#xED;ncipe de pobre inteligencia, cuya esposa Margarita de Borgo&#xF1;a estaba encarcelada, acusada de adulterio. Dos grupos antag&#xF3;nicos se disputar&#xE1;n el poder en una lucha sin cuartel, mientras el pueblo espera un nuevo Papa y se ve acosado por la miseria...</subfield>
  </datafield>
  <datafield tag="521" ind1=" " ind2=" ">
    <subfield code="a">Adulto</subfield>
  </datafield>
  <datafield tag="650" ind1="1" ind2="4">
    <subfield code="a">Novela francesa</subfield>
    <subfield code="9">28</subfield>
  </datafield>
  <datafield tag="650" ind1="1" ind2="4">
    <subfield code="a">Novela hist&#xF3;rica francesa</subfield>
    <subfield code="9">43120</subfield>
  </datafield>
  <datafield tag="650" ind1="1" ind2="4">
    <subfield code="a">Reyes y soberanos en la literatura</subfield>
    <subfield code="9">803</subfield>
  </datafield>
  <datafield tag="942" ind1=" " ind2=" ">
    <subfield code="2">ddc</subfield>
    <subfield code="c">BK</subfield>
  </datafield>
  <datafield tag="999" ind1=" " ind2=" ">
    <subfield code="c">3572</subfield>
    <subfield code="d">3572</subfield>
  </datafield>
  <datafield tag="952" ind1=" " ind2=" ">
    <subfield code="0">0</subfield>
  </datafield>
  <datafield tag="952" ind1=" " ind2=" ">
    <subfield code="0">0</subfield>
  </datafield>
</record>
